Biblioteca y Centro de Documentación

Dictamen 12-12 sobre el Proyecto de Decreto de contaminación acústica de la Comunidad Autónoma del País Vasco (Registro nro. 24657)

Detalles MARC
000 -CABECERA
Longitud fija campo de control 01588nam a2200385 c 4500
001 - NÚMERO DE CONTROL
Número de control 24657
003 - IDENTIFICADOR DE NÚMERO DE CONTROL
Identificador del número de control ES-MaCES
005 - FECHA Y HORA DE LA ÚLTIMA TRANSACCIÓN
Fecha y hora de la última transacción 20150925135236.0
008 - CAMPO FIJO DE DESCRIPCIÓN FIJA--INFORMACIÓN GENERAL
Códigos de información de longitud fija   120907s2012 sp l o000 | spa d
017 ## - NÚMERO DE REGISTRO DE DERECHOS DE AUTOR Y DEPÓSITO LEGAL
Número de copyright o de depósito legal BI 1283-2012
Agencia que asigna el número DL
035 ## - NÚMERO DE CONTROL DEL SISTEMA
Número de control del sistema CES20120005982m
040 ## - FUENTE DE CATALOGACIÓN
Centro catalogador de origen ES-MaCES
Lengua de catalogación spa
Centro transcriptor ES-MaCES
041 0# - CÓDIGO DE IDIOMA
Código de lengua del texto;banda sonora o título independiente spa
-- baq
110 2# - ENCABEZAMIENTO PRINCIPAL--NOMBRE CORPORATIVO
Nombre de entidad corporativa o nombre de jurisdicción como elemento inicial Consejo Económico y Social Vasco
9 (RLIN) 2447
245 10 - MENCIÓN DE TÍTULO
Título Dictamen 12-12 sobre el Proyecto de Decreto de contaminación acústica de la Comunidad Autónoma del País Vasco
Resto del título : Bilbao, 29 de junio de 2012
Mención de responsabilidad, etc. Consejo Económico y Social Vasco = Irizpena 12-12 Euskal Autonomia Erkidegoko Kutsadura akustikoaren Dekretu Proiektuari Buruzkoa : Bilbon, 2012ko ekainaren 29an / Euskadiko Ekonomia eta Gizarte Arazoetarako Batzordea
260 ## - PUBLICACIÓN, DISTRIBUCIÓN, ETC (PIE DE IMPRENTA)
Lugar de publicación, distribución, etc. Bilbao = Bilbon
Nombre del editor, distribuidor, etc. CES
Fecha de publicación, distribución, etc. [2012]
300 ## - DESCRIPCIÓN FÍSICA
Extensión 23 p. dup.
Dimensiones 24 cm
500 ## - NOTA GENERAL
Nota general Tít. tomado de ports. paralelas
500 ## - NOTA GENERAL
Nota general Texto en castellano y euskera
541 ## - NOTA DE LA FUENTE INMEDIANTE DE ADQUISICIÓN
Forma de adquisición Gratuito
650 #4 - ASIENTO SECUNDARIO DE MATERIA--TÉRMINO DE MATERIA
Término de materia o nombre geográfico como elemento inicial ruido
9 (RLIN) 28736
650 #4 - ASIENTO SECUNDARIO DE MATERIA--TÉRMINO DE MATERIA
Término de materia o nombre geográfico como elemento inicial contaminación atmosférica
9 (RLIN) 28734
650 #4 - ASIENTO SECUNDARIO DE MATERIA--TÉRMINO DE MATERIA
Término de materia o nombre geográfico como elemento inicial contaminación ambiental
9 (RLIN) 28739
650 #4 - ASIENTO SECUNDARIO DE MATERIA--TÉRMINO DE MATERIA
Término de materia o nombre geográfico como elemento inicial control de la contaminación
9 (RLIN) 28749
650 #4 - ASIENTO SECUNDARIO DE MATERIA--TÉRMINO DE MATERIA
Término de materia o nombre geográfico como elemento inicial protección ambiental
9 (RLIN) 29423
650 #4 - ASIENTO SECUNDARIO DE MATERIA--TÉRMINO DE MATERIA
Término de materia o nombre geográfico como elemento inicial País Vasco
9 (RLIN) 30799
650 #4 - ASIENTO SECUNDARIO DE MATERIA--TÉRMINO DE MATERIA
Término de materia o nombre geográfico como elemento inicial régimen jurídico
9 (RLIN) 29894
650 #4 - ASIENTO SECUNDARIO DE MATERIA--TÉRMINO DE MATERIA
Término de materia o nombre geográfico como elemento inicial dictamen
9 (RLIN) 30802
653 10 - TÉRMINO DE INDEXACIÓN--NO CONTROLADO
Término no controlado Medio ambiente
650 #4 - ASIENTO SECUNDARIO DE MATERIA--TÉRMINO DE MATERIA
9 (RLIN) 30344
Término de materia o nombre geográfico como elemento inicial evaluación del impacto ambiental
740 02 - ENCABEZAMIENTO SECUNDARIO--TÍTULO ANALÍTICO/RELACIONADO NO CONTROLADO
Título relacionado o analítico no controlado Irizpena 12-12 Eskal Autonomia Erkidegoko kutsadura akustikoaren Dekretu Proiektuari Buruzkoa
902 ## - CES. TIPO DE DOCUMENTO
Tipodoc (006$c Sirtex) LIB Libro
942 ## - ELEMENTOS KOHA
Fuente de clasificaión o esquema Clasificación propia del CES
Koha [por defecto] tipo de item Monografías
Parte de clasificación 4.2.
Existencias
Número de registro Signatura completa Tipo de item de Koha
082027 - Monografías
© CES, Consejo Económico y Social de España 2021